name these 100 kpop idols p2 - Statistics

General Stats
  • This quiz has been taken 357 times
  • The average score is 42 of 100
Answer Stats
Picture Answer % Correct
Changbin
92%
Bangchan
89%
Lisa
89%
Jin
86%
Jay
85%
Mina
80%
Namjoon
78%
Soyeon
78%
Keeho
77%
Mark
73%
Hoshi
72%
Woozi
72%
Jeongyeon
71%
Jun
70%
Chaeyoung
67%
Sunoo
65%
DK
64%
Hanni
63%
Heeseung
63%
Kazuha
63%
Yujin
63%
Mingi
62%
Wendy
62%
Jongho
61%
Yeosang
61%
Seonghwa
59%
Wonwoo
59%
Ahyeon
58%
Jisoo
58%
Joy
58%
Soul
58%
Yunho
56%
Jiwoo
55%
Wonhee
55%
Moonbyul
52%
Lucas
51%
Ten
51%
Taeyong
49%
JiU
47%
Jongseob
46%
Jisung
45%
Sohee
45%
Shotaro
44%
Hanbin
43%
Chenle
40%
Jiung
40%
Matthew
40%
Jaemin
39%
Kevin
39%
Theo
38%
Hendery
37%
Wheein
36%
Taerae
35%
Yoon
35%
Gunwook
33%
Sieun
32%
Seeun
31%
Aisha
30%
Eunbi
30%
Gyuvin
30%
Q
30%
Renjun
30%
Yves
30%
Dami
29%
Winwin
29%
Jiwoong
28%
Xiaojun
28%
Iroha
27%
Jacob
27%
Seunghan
27%
Xiaoting
27%
New
26%
Ruka
26%
Mashiro
25%
Yuri
25%
Hitomi
24%
Yiren
24%
Chaehyun
22%
Hao
22%
ViVi
22%
Dayeon
20%
Hyunjae
20%
Kim Lip
20%
Mia
19%
Siyeon
19%
Sumin
18%
Onda
17%
Choerry
15%
Gyuri
14%
Jinsoul
14%
Jiwon
13%
Nako
13%
Saerom
13%
Seoyeon
11%
Gowon
10%
Hayoung
10%
Yoohyeon
10%
Jiheon
9%
Mimi
7%
Seunghee
5%
No matching quizzes found
Score Distribution
Percent of People with Each Score
Percentile by Number Answered
Your Score History
You have not taken this quiz